Missing Word: Heath Ledger Quiz Stats

 Plays Quiz Updated Jul 12, 2013

Support Sporcle.
Go Orange.
Score 0/12 Timer 02:00
0 Plays Today
Film Missing Word % Correct
10 _____ I Hate About YouThings
98.5%
Brokeback _____Mountain
97.1%
The _____ GrimmBrothers
91.9%
The _____ KnightDark
91.6%
A _____ TaleKnights
73.6%
Monsters ____Ball
59.9%
I'm _____ There.Not
48.9%
_____ of DogtownLords
45.2%
The _____ of Doctor ParnassusImaginarium
38.7%
Ned ____Kelly
26.6%
The Four _____Feathers
21.1%
Two ____Hands
6.7%

Today's Daily Dose

Word Ladder
ING Words

Get the Picture
Nearest Volcano

From the Vault

Tampa Bay Lightning Leaders by Position

by mrom

Sports 7m
We've been counting the seconds for the thunder that's supposed to follow but it's not here yet.
Remove Ads.
Support Sporcle.
Get the best of Sporcle when you Go Orange. This ad-free experience offers more features, more stats, and more fun while also helping to support Sporcle. Thank you for becoming a member.

Show Comments

Extras

Top Quizzes Today


Score Distribution

Your Account Isn't Verified!

In order to create a playlist on Sporcle, you need to verify the email address you used during registration. Go to your Sporcle Settings to finish the process.

Report this User

Report this user for behavior that violates our Community Guidelines.

Details: